Estadísticas para Mamíferos comunes de Argentina

Haz click aquí para intentar la prueba.

Estadísticas generales

  • Esta prueba ha sido intentada 41 veces
  • La puntuación promedio es 5 de 14

Estadísticas de respuestas

Respuesta% Correcto
Capibara
98%
Lobo marino sudamericano
68%
Guanaco
59%
Mara patagónica
46%
Coipo
39%
Zarigüeya orejiblanca
39%
Armadillo peludo
34%
Cuis común
29%
Zorro gris
22%
Zorro culpeo
15%
Ciervo de los pantanos
7%
Corzuela parda
5%
Coatí de cola anillada
2%
Zorro gris pampeano
2%

Distribución de puntuación

Porcentaje por número respondido

Porcentaje de gente con cada puntuación

Historial de tus puntuaciones

No has intentado esta prueba.